Guess the Fusion Rock Song Lyrics #259 - Statistics

General Stats
  • This quiz has been taken 17 times
  • The average score is 215 of 297
Answer Stats
Answer % Correct
a
100%
an
100%
so
100%
the
100%
When
100%
when
100%
and
92%
And
92%
in
92%
it
92%
it's
92%
know
92%
love
92%
me
92%
you
92%
You
92%
hard
85%
oh
85%
Then
85%
to
85%
with
85%
woman
85%
your
85%
you're
85%
beautiful
77%
her
77%
is
77%
they
77%
By
69%
don't
69%
go
69%
just
69%
look
69%
never
69%
Never
69%
that
69%
time
69%
baby
62%
been
62%
every
62%
Everybody
62%
everybody
62%
for
62%
friends
62%
loves
62%
out
62%
She's
62%
wants
62%
better
54%
ends
54%
eyes
54%
gets
54%
most
54%
up
54%
watch
54%
Watch
54%
Cause
46%
Dr. Hook
46%
home
46%
Ive
46%
Keep
46%
keep
46%
take
46%
alone
38%
lookin
38%
somebody
38%
wanna
38%
answer
31%
more
31%
phone
31%
tells
31%
trust
31%
hangs
23%
Maybe
23%
before
15%
crazy
15%
ego
15%
happens
15%
lies
15%
lovers
15%
problem
15%
convinces
8%
fair
8%
weathered
8%
faint
0%
fooled
0%
hearted
0%
tempts
0%
No matching quizzes found
Score Distribution
Percent of People with Each Score
Percentile by Number Answered
Your Score History
You have not taken this quiz